| 000 | 00546nam a2200205 a 4500 | ||
|---|---|---|---|
| 001 | BRCA_6870 | ||
| 005 | 20190320205625.0 | ||
| 008 | 111111s1921----gw-#######---#000-0#ger-# | ||
| 041 | _ager | ||
| 044 | _agw | ||
| 050 | 4 |
_aPT2617 E83 _b.B82 1921 |
|
| 100 | 1 |
_aHerzog, Rudolf _d1869- _916317 |
|
| 245 | 1 | 0 |
_aDie Buben der Frau Opterberg _bRoman _cvon Rudolf Herzog |
| 260 |
_aStuttgart y Berlín _bJ. G. Cotta´sche _c1921 |
||
| 300 |
_a396 p. _c20 cm. |
||
| 500 | _aO61 | ||
| 650 | 1 | 4 |
_aLiteratura Alemana _96160 |
| 902 | _aGFM | ||
| 942 |
_2lcc _cB |
||
| 999 |
_c6552 _d6552 |
||